00290nam a2200121Ia 45000030006000000080041000060400015000471000020000622450033000822600024001155460012001390050017001510STCL150530s9999 xx 000 0 und d aSTCLcSTCL aNemerov; Editor aContemporary American poetry bVoice of Americac0 aEnglish20220125171337.0